Leaf nutrient status influences defoliation in Hevea brasiliensis under given clonal differences and agroclimatic conditions in Tripura (Record no. 52814)

MARC details
000 -LEADER
fixed length control field 00718nam a2200181Ia 4500
100 ## - MAIN ENTRY--AUTHOR NAME
Personal name Ray D.
245 #0 - TITLE STATEMENT
Title Leaf nutrient status influences defoliation in Hevea brasiliensis under given clonal differences and agroclimatic conditions in Tripura
260 ## - PUBLICATION, DISTRIBUTION, ETC. (IMPRINT)
Name of publisher National Seminar on Improving Crop Productivity in an Ecofriendly Environment: Physiological and Molecular Approaches, 2003, G.B. Pant University of Agriculture and Technology, Pantnagar, India, pp. 28.
Year of publication 2003
650 ## - SUBJECT ADDED ENTRY--TOPICAL TERM
Topical Term Agroclimate
650 ## - SUBJECT ADDED ENTRY--TOPICAL TERM
Topical Term Defoliation
650 ## - SUBJECT ADDED ENTRY--TOPICAL TERM
Topical Term Leaf nutrient
650 ## - SUBJECT ADDED ENTRY--TOPICAL TERM
Topical Term Tripura
700 ## - ADDED ENTRY--PERSONAL NAME
Personal name Choudhury M.
700 ## - ADDED ENTRY--PERSONAL NAME
Personal name Dey S.K.
700 ## - ADDED ENTRY--PERSONAL NAME
Personal name Sarma A.C.
942 ## - ADDED ENTRY ELEMENTS (KOHA)
Koha item type Bibliography STAF
Holdings
Withdrawn status Lost status Damaged status Not for loan Home library Current library Date acquired Koha item type
      Bibliography RRII Library RRII Library 09/04/2014 Bibliography STAF